书目信息 |
| 题名: |
经济数学模型
|
|
| 作者: | 洪毅 , 贺德化 , 昌志华 编著 | |
| 分册: | ||
| 出版信息: | 广州 华南理工大学出版社 2001.8 |
|
| 页数: | 261页 | |
| 开本: | 20cm | |
| 丛书名: | 工科数学基地建设丛书 | |
| 单 册: | ||
| 中图分类: | F224.0 | |
| 科图分类: | ||
| 主题词: | 经济模型 | |
| 电子资源: | ||
| ISBN: | 7-5623-1273-7 | |
| 000 | 00735nam0 2200253 45 | |
| 001 | 0201091079 | |
| 005 | 20031219104052.6 | |
| 010 | @a7-5623-1273-7@dCNY14.50 | |
| 100 | @a20020109d2001 km y0chiy0120 ea | |
| 101 | 0 | @achi |
| 105 | @a z 000yy | |
| 200 | 1 | @a经济数学模型@AJing Ji Shu Xue Mo Xing@f洪毅,贺德化,昌志华编著@FHong Yi,He De Hua,Chang Zhi Hua Bian Zhu |
| 205 | @a2版 | |
| 210 | @a广州@c华南理工大学出版社@d2001.8 | |
| 215 | @a261页@d20cm | |
| 225 | @a工科数学基地建设丛书 | |
| 410 | @12001 @a工科数学基地建设丛书 | |
| 606 | 0 | @a经济模型 |
| 690 | @aF224.0@v4 | |
| 701 | 0 | @a洪毅@4编著 |
| 701 | 0 | @a贺德化@4编著 |
| 701 | 0 | @a昌志华@4编著 |
| 801 | @aCN@bTSTC@c20020109 | |
| 905 | @b303668-672@dF224.0@e118=2@f5 | |
| 经济数学模型/洪毅,贺德化,昌志华编著.-2版.-广州:华南理工大学出版社,2001.8 |
| 261页;20cm.-(工科数学基地建设丛书) |
| ISBN 7-5623-1273-7:CNY14.50 |
| ● |
| 相关链接 |
|
|
|
|
正题名:经济数学模型
索取号:F224.0/118=2
 
预约/预借
| 序号 | 登录号 | 条形码 | 馆藏地/架位号 | 状态 | 备注 |
| 1 | 0303668 | 203036687 | 第一借阅区/ [索取号:F224.0/118=2] | 在馆 | |
| 2 | 0303669 | 203036696 | 第一借阅区/ [索取号:F224.0/118=2] | 在馆 | |
| 3 | 0303670 | 203036703 | 第一借阅区/ [索取号:F224.0/118=2] | 在馆 | |
| 4 | 0303671 | 203036712 | 第一借阅区/ [索取号:F224.0/118=2] | 在馆 | |
| 5 | 0303672 | 203036721 | 第一样本阅览室/ [索取号:F224.0/118=2] | 在馆 |